Sports Quiz

Random Sports or WWE Quiz

WWE Royal Rumble Winners 1988-2010 Quiz Stats

Quiz not verified by Sporcle

Challenge
Share
Tweet
Embed
Score 0/23 Timer 10:00
0 Plays Today
Year Wrestlers % Correct
1997Stone Cold Steve Austin
94%
1998Stone Cold Steve Austin
94%
2001Stone Cold Steve Austin
94%
2008John Cena
93%
2007Undertaker
91.6%
2000The Rock
89.6%
1990Hulk Hogan
87.2%
1991Hulk Hogan
87.2%
2006Rey Mysterio
86.6%
2002Triple H
84.9%
2010Edge
84.9%
2009Randy Orton
83.2%
Year Wrestlers % Correct
1992Ric Flair
79.2%
2005Batista
77.9%
1999Vince McMahon
75.5%
2004Chris Benoit
71.8%
1995HBK
69.8%
1996HBK
69.8%
1988Hacksaw Jim Duggan
69.1%
2003Brock Lesnar
68.8%
1993Yokozuna
66.4%
1989Big John Studd
59.4%
1994Bret Hart & Lex Luger
59.4%

You're not logged in!

Compare scores with friends on all Sporcle quizzes.
Join for Free
OR
Log In

You Might Also Like...

Show Comments

Extras

Top Quizzes Today


Score Distribution

Your Account Isn't Verified!

In order to create a playlist on Sporcle, you need to verify the email address you used during registration. Go to your Sporcle Settings to finish the process.

Report this User

Report this user for behavior that violates our Community Guidelines.

Details: